000 00397 a2200133 4500
005 20250604132845.0
020 _a0-471-44429-4
082 _aTEA LECT 657.45 HOU
100 _aHOUCK, T. P.
245 _aWhy and How Audits Must Change: Practical Guidance to Improve Your Audits.
260 _aNew Jersey,
_bJohn Wiley & Sons,
_c2003.
300 _aviii, 232p.: ill.;
_bIndex
_c24cm
942 _2ddc
_cBKS
999 _c3145
_d3145